Las 7 maravillas del mundo moderno - Estadísticas

Estadísticas generales
  • Esta prueba ha sido intentada 419 veces
  • La puntuación promedio es 5 de 7
Estadísticas de respuestas
Maravilla Respuesta % Correcto
____Romano Coliseo
97%
____Redentor Cristo
94%
___ ____ China Gran Muralla
88%
____ ____ Machu Picchu
59%
__ ___ Taj Mahal
51%
____ Petra
48%
____ ____ Chichen Itzá
47%
No se encontraron pruebas coincidentes
Distribución de puntuación
Porcentaje de gente con cada puntuación
Porcentaje por número respondido
Historial de tus puntuaciones
No has intentado esta prueba.